[Event "XI Paracin Festival 2018"]
[Site "Paracin"]
[Date "2018.07.11"]
[Round "7"]
[White "Tan, Justin"]
[Black "Petrov, Martin"]
[Result "1-0"]
[WhiteElo "2481"]
[BlackElo "2441"]
[Annotator "RC"]
[PlyCount "79"]
[EventDate "2018.07.06"]
[EventType "swiss"]
[EventCountry "SRB"]
[SourceTitle "playchess.com"]
[Source "ChessBase"]
[SourceQuality "1"]
[TimeControl "5400+30"]

1. Nf3 {[%emt 0:00:00]} Nf6 {[%emt 0:01:17]} 2. g3 {[%emt 0:00:00]} d5 {[%emt 0:01:30]} 3. Bg2 {[%emt 0:00:00]} e6 {[%emt 0:00:24]} 4. O-O {[%emt 0:00:00]} Be7 {[%emt 0:00:11]} 5. c4 {[%emt 0:00:19]} O-O {[%emt 0:00:10]} 6. d4 {[%emt 0:00:02]} dxc4 {[%emt 0:00:13]} 7. Qc2 {[%emt 0:00:18]} a6 {[%emt 0:00:16]} 8. a4 {[%emt 0:00:09]} Bd7 {[%emt 0:01:51]} 9. Qxc4 {[%emt 0:01:32]} Bc6 {[%emt 0:00:05]} 10. Bg5 {[%emt 0:00:32]} a5 {[%emt 0:00:06]} 11. Nc3 {[%emt 0:02:55]} Na6 {[%emt 0:04:38]} 12. Bxf6 {[%emt 0:00:12]} Bxf6 {[%emt 0:00:05]} 13. e4 {[%emt 0:00:04]} Nb4 {[%emt 0:00:05]} 14. Rfd1 {[%emt 0:00:49]} b6 {[%emt 0:06:24]} 15. h4 {[%emt 0:02:27]} Bb7 {[%emt 0:01:15]} 16. Qe2 {[%emt 0:01:51]} Ba6 {[%emt 0:08:56]} 17. Qd2 {[%emt 0:00:19]} Rc8 {[%emt 0:02:55]} 18. Rac1 {[%emt 0:14:50]} c5 {[%emt 0:10:29]} 19. Qe3 {[%emt 0:08:44]} cxd4 {[%emt 0:02:56]} 20. Nxd4 {[%emt 0:00:11]} Bxd4 {[%emt 0:03:24]} 21. Rxd4 {[%emt 0:02:41]} Qc7 {[%emt 0:14:47]} 22. h5 {[%emt 0:15:02]} Qc5 {[%emt 0:13:26]} 23. h6 {[%emt 0:03:24]} Rfd8 {[%emt 0:00:09]} 24. Ne2 {[%emt 0:12:44]} Rxd4 {[%emt 0:00:22]} 25. Rxc5 {[%emt 0:00:04]} Rd1+ {[%emt 0:00:04]} 26. Kh2 {[%emt 0:00:41]} Rxc5 {[%emt 0:00:05]} 27. e5 {[%emt 0:01:00]} gxh6 {[%emt 0:02:58]} 28. Nc3 {[%emt 0:00:53]} Rd3 {[%emt 0:05:24]} 29. Qxh6 {[%emt 0:00:10]} Rxe5 {[%emt 0:00:16]} 30. Ne4 {[%emt 0:02:44]} Nd5 {[%emt 0:02:08]} 31. Ng5 {[%emt 0:05:10]} Rf5 {[%emt 0:01:02]} 32. Nxe6 {[%emt 0:01:20]} fxe6 {[%emt 0:02:18]} 33. Qxe6+ {[%emt 0:00:02]} Kg7 {[%emt 0:01:44]} 34. Qxf5 {[%emt 0:00:06]} Nf6 {[%emt 0:00:04]} 35. g4 {[%emt 0:02:19]} h6 {[%emt 0:01:45]} 36. Bb7 {[%emt 0:02:22]} Bc4 {[%emt 0:01:44]} 37. Be4 {[%emt 0:00:11]} Rd6 {[%emt 0:01:04]} 38. Qe5 {[%emt 0:03:54]} Rd7 {[%emt 0:02:48]} 39. Bf5 {[%emt 0:01:39]} Rd2 {[%emt 0:00:33]} 40. Qf4 {[%emt 0:01:50]} 1-0

[Event "XI Paracin Festival 2018"]
[Site "Paracin"]
[Date "2018.07.11"]
[Round "7"]
[White "Milanovic, Danilo"]
[Black "Savanovic, Vuk"]
[Result "1-0"]
[WhiteElo "2471"]
[BlackElo "2294"]
[Annotator "RC"]
[PlyCount "85"]
[EventDate "2018.07.06"]
[EventType "swiss"]
[EventCountry "SRB"]
[SourceTitle "playchess.com"]
[Source "ChessBase"]
[SourceQuality "1"]
[TimeControl "5400+30"]

1. d4 {[%emt 0:01:31]} Nf6 {[%emt 0:00:00]} 2. Nf3 {[%emt 0:00:21]} g6 {[%emt 0:00:00]} 3. c4 {[%emt 0:00:28]} Bg7 {[%emt 0:00:11]} 4. Nc3 {[%emt 0:00:06]} O-O {[%emt 0:00:13]} 5. e4 {[%emt 0:00:07]} d6 {[%emt 0:00:26]} 6. Be2 {[%emt 0:00:09]} e5 {[%emt 0:00:08]} 7. O-O {[%emt 0:00:08]} Nc6 {[%emt 0:00:34]} 8. d5 {[%emt 0:03:48]} Ne7 {[%emt 0:00:10]} 9. Ne1 {[%emt 0:00:31]} Nd7 {[%emt 0:00:20]} 10. Be3 {[%emt 0:02:28]} f5 {[%emt 0:00:42]} 11. f3 {[%emt 0:00:09]} f4 {[%emt 0:00:25]} 12. Bf2 {[%emt 0:01:21]} g5 {[%emt 0:00:19]} 13. g4 {[%emt 0:00:47]} fxg3 {[%emt 0:04:35]} 14. hxg3 {[%emt 0:00:22]} Ng6 {[%emt 0:01:56]} 15. Ng2 {[%emt 0:35:00]} Nf6 {[%emt 0:13:18]} 16. Ne3 {[%emt 0:02:29]} h5 {[%emt 0:04:11]} 17. Kg2 {[%emt 0:20:20]} g4 {[%emt 0:15:12]} 18. fxg4 {[%emt 0:10:38]} Nxg4 {[%emt 0:01:19]} 19. Nxg4 {[%emt 0:00:11]} hxg4 {[%emt 0:00:09]} 20. Be3 {[%emt 0:00:24]} Rxf1 {[%emt 0:03:12]} 21. Qxf1 {[%emt 0:00:44]} Bf6 {[%emt 0:03:23]} 22. Qh1 {[%emt 0:00:51]} Bg5 {[%emt 0:00:07]} 23. Qh5 {[%emt 0:09:58]} Nh4+ {[%emt 0:00:24]} 24. gxh4 {[%emt 0:00:04]} Bxe3 {[%emt 0:00:06]} 25. Rf1 {[%emt 0:00:08]} Bf4 {[%emt 0:01:00]} 26. Bxg4 {[%emt 0:00:10]} Bxg4 {[%emt 0:05:59]} 27. Qxg4+ {[%emt 0:00:05]} Kh7 {[%emt 0:00:06]} 28. Qh5+ {[%emt 0:01:19]} Kg7 {[%emt 0:00:10]} 29. Kf3 {[%emt 0:04:51]} Qf6 {[%emt 0:01:23]} 30. Rg1+ {[%emt 0:00:04]} Kf8 {[%emt 0:00:12]} 31. Rg6 {[%emt 0:00:12]} Qf7 {[%emt 0:00:05]} 32. Qf5 {[%emt 0:00:42]} Qxf5 {[%emt 0:00:40]} 33. exf5 {[%emt 0:00:06]} Kf7 {[%emt 0:00:36]} 34. Ne4 {[%emt 0:00:26]} Rb8 {[%emt 0:02:05]} 35. Ng5+ {[%emt 0:01:16]} Bxg5 {[%emt 0:00:43]} 36. hxg5 {[%emt 0:00:04]} Rh8 {[%emt 0:00:06]} 37. Rh6 {[%emt 0:02:02]} Rxh6 {[%emt 0:00:10]} 38. gxh6 {[%emt 0:00:08]} Kf6 {[%emt 0:01:40]} 39. Ke4 {[%emt 0:00:46]} Kf7 {[%emt 0:00:09]} 40. c5 {[%emt 0:00:38]} Kf6 {[%emt 0:00:14]} 41. b4 {[%emt 0:00:39]} a6 {[%emt 0:00:26]} 42. a4 {[%emt 0:00:31]} Kf7 {[%emt 0:00:46]} 43. a5 {[%emt 0:00:29]} 1-0

[Event "XI Paracin Festival 2018"]
[Site "Paracin"]
[Date "2018.07.11"]
[Round "7"]
[White "Kosic, Dragan"]
[Black "Perunovic, Milos"]
[Result "1/2-1/2"]
[WhiteElo "2463"]
[BlackElo "2596"]
[Annotator "ChessBase"]
[PlyCount "41"]
[EventDate "2018.07.06"]
[EventType "swiss"]
[EventCountry "SRB"]
[SourceTitle "playchess.com"]
[Source "ChessBase"]
[SourceQuality "1"]
[TimeControl "5400+30"]

1. d4 {[%emt 0:00:00]} d5 {[%emt 0:00:00]} 2. c4 {[%emt 0:00:00]} c6 {[%emt 0:00:00]} 3. Nc3 {[%emt 0:00:00]} Nf6 {[%emt 0:00:03]} 4. cxd5 {[%emt 0:00:26]} cxd5 {[%emt 0:00:05]} 5. Bf4 {[%emt 0:00:13]} Nc6 {[%emt 0:00:05]} 6. e3 {[%emt 0:00:31]} Bf5 {[%emt 0:00:13]} 7. Bd3 {[%emt 0:00:27]} Bxd3 {[%emt 0:00:07]} 8. Qxd3 {[%emt 0:00:07]} e6 {[%emt 0:00:04]} 9. Nf3 {[%emt 0:00:06]} Bd6 {[%emt 0:00:10]} 10. Bxd6 {[%emt 0:00:08]} Qxd6 {[%emt 0:00:03]} 11. O-O {[%emt 0:00:14]} O-O {[%emt 0:00:06]} 12. Rfc1 {[%emt 0:00:27]} Rfc8 {[%emt 0:00:07]} 13. h3 {[%emt 0:01:21]} a6 {[%emt 0:00:06]} 14. Na4 {[%emt 0:00:36]} Ne7 {[%emt 0:00:23]} 15. Ne5 {[%emt 0:00:42]} Rc7 {[%emt 0:00:17]} 16. Rxc7 {[%emt 0:00:33]} Qxc7 {[%emt 0:00:03]} 17. Nc5 {[%emt 0:00:27]} Ng6 {[%emt 0:00:07]} 18. Nxg6 {[%emt 0:00:05]} hxg6 {[%emt 0:00:03]} 19. Rc1 {[%emt 0:00:12]} Rc8 {[%emt 0:00:06]} 20. Nb3 {[%emt 0:00:08]} Qd8 {[%emt 0:00:04]} 21. Rxc8 {[%emt 0:00:05]} 1/2-1/2

[Event "XI Paracin Festival 2018"]
[Site "Paracin"]
[Date "2018.07.11"]
[Round "7"]
[White "Ikeda, Junta"]
[Black "Ivic, Velimir"]
[Result "1-0"]
[WhiteElo "2437"]
[BlackElo "2432"]
[Annotator "TA"]
[PlyCount "65"]
[EventDate "2018.07.06"]
[EventType "swiss"]
[EventCountry "SRB"]
[SourceTitle "playchess.com"]
[Source "ChessBase"]
[SourceQuality "1"]

{[%evp 23,65,25,24,19,22,-7,0,4,154,67,98,37,48,53,110,113,114,117,115,116,130,78,114,127,617,629,625,625,758,737,750,712,999,999,837,768,743,662,660,245,650,647,29988,29989]} 1. Nf3 Nf6 2. c4 g6 3. g3 Bg7 4. Bg2 O-O 5. O-O d6 6. d4 c6 7. Nc3 Bf5 8. Ne1 e5 9. d5 cxd5 10. cxd5 Na6 11. e4 {E62: King's Indian: Fianchetto: 6...c6 and Panno Variation (6...Nc6) without ...a6} Bd7 12. Nd3 Ne8 {LiveBook: 3 Games} 13. f4 $146 {White has an edge.} ({Predecessor:} 13. Be3 f5 14. f3 Nf6 15. Kh1 Qe7 16. Rc1 Kh8 17. Qd2 b6 18. b4 Rac8 {0-1 (44) Danielsen,H (2524)-Hoi,C (2370) Copenhagen 2012}) 13... f5 14. Re1 Nb4 15. Nf2 Nf6 (15... exf4 $11 16. gxf4 (16. Bxf4 g5 $11) 16... fxe4) 16. Qb3 (16. fxe5 $16 dxe5 17. Be3) 16... a5 17. a3 (17. fxe5 $1 $16 dxe5 18. a3) 17... Na6 $14 18. fxe5 dxe5 (18... Nc5 $14 19. Qd1 dxe5) 19. exf5 $16 gxf5 20. d6+ Kh8 21. Rxe5 Ne4 22. Re7 $36 {[%mdl 2048] White is in control.} ({Of course not} 22. Ncxe4 $6 Bxe5 23. Ng5 Qf6 $11) 22... Nac5 {[#]} 23. Qc2 $1 {[%cal Rf2e4]} Bd4 $2 {[%mdl 8192]} (23... Nxd6 $16 24. Bg5 Rf7) 24. Ncxe4 $18 Nxe4 25. Bxe4 fxe4 {[#]} 26. Be3 $1 {[%cal Re3d4][%mdl 512]} Bg7 (26... Bxe3 27. Qc3+) 27. Qxe4 Bc6 28. Qg4 {[%csl Ge7][%cal Rg4g7]} Bf6 {[#]} 29. Ne4 $1 {[%mdl 512]} Bxe7 30. dxe7 Qd3 31. exf8=Q+ Rxf8 32. Bf2 ({Less strong is} 32. Bc5 Bxe4 33. Re1 (33. Bxf8 $2 {perishes.} Qd4+ 34. Kf1 Bd3+ 35. Kg2 Qxg4 $19) 33... Qd5 $18) 32... Rg8 33. Ng5 {Precision: White = 61%, Black = 36%.} 1-0

[Event "XI Paracin Festival 2018"]
[Site "Paracin"]
[Date "2018.07.11"]
[Round "7"]
[White "Radovanovic, Nikola"]
[Black "Yordanov, Lachezar"]
[Result "1/2-1/2"]
[WhiteElo "2425"]
[BlackElo "2290"]
[Annotator "NA RC"]
[PlyCount "43"]
[EventDate "2018.07.06"]
[EventType "swiss"]
[EventCountry "SRB"]
[SourceTitle "playchess.com"]
[Source "ChessBase"]
[SourceQuality "1"]
[TimeControl "5400+30"]

1. e4 {[%emt 0:00:49]} c6 {[%emt 0:00:00]} 2. d4 {[%emt 0:00:13]} d5 {[%emt 0:00:00]} 3. Nd2 {[%emt 0:01:02]} dxe4 {[%emt 0:00:04]} 4. Nxe4 {[%emt 0:00:04]} Bf5 {[%emt 0:00:09]} 5. Ng3 {[%emt 0:00:06]} Bg6 {[%emt 0:00:06]} 6. h4 {[%emt 0:00:04]} h6 {[%emt 0:00:05]} 7. Nf3 {[%emt 0:00:04]} Nd7 {[%emt 0:00:07]} 8. h5 {[%emt 0:00:09]} Bh7 {[%emt 0:00:04]} 9. Bd3 {[%emt 0:00:06]} Bxd3 {[%emt 0:00:06]} 10. Qxd3 {[%emt 0:00:04]} e6 {[%emt 0:00:25]} 11. Bd2 {[%emt 0:00:12]} Ngf6 {[%emt 0:00:21]} 12. O-O-O {[%emt 0:00:09]} Qc7 {[%emt 0:01:18]} 13. Kb1 {[%emt 0:00:26]} Be7 {[%emt 0:01:32]} 14. Ne4 {[%emt 0:06:44]} Nxe4 {[%emt 0:00:28]} 15. Qxe4 {[%emt 0:00:06]} Nf6 {[%emt 0:00:11]} 16. Qe2 {[%emt 0:00:40]} O-O-O {[%emt 0:06:52]} 17. c4 {[%emt 0:15:09]} c5 {[%emt 0:04:46]} 18. Bc3 {[%emt 0:01:24]} Qf4 {[%emt 0:06:14]} 19. Qe5 {[%emt 0:31:16]} Qe4+ {[%emt 0:06:43]} 20. Kc1 {[%emt 0:02:34]} Bd6 {[%emt 0:00:25]} 21. Qxe4 {[%emt 0:00:06]} Nxe4 {[%emt 0:00:08]} 22. Be1 {[%emt 0:01:39]} 1/2-1/2

[Event "XI Paracin Festival 2018"]
[Site "Paracin"]
[Date "2018.07.11"]
[Round "7"]
[White "Gadimbayli, Abdulla"]
[Black "Gomes, Mary Ann"]
[Result "1-0"]
[WhiteElo "2420"]
[BlackElo "2284"]
[Annotator "TA"]
[PlyCount "89"]
[EventDate "2018.07.06"]
[EventType "swiss"]
[EventCountry "SRB"]
[SourceTitle "playchess.com"]
[Source "ChessBase"]
[SourceQuality "1"]

{[%evp 17,89,14,22,17,29,-22,-29,-29,-15,-11,-12,-16,3,0,9,4,7,-8,0,0,0,-16,-7,0,0,-14,8,18,28,20,12,12,16,5,59,39,65,70,125,120,104,116,290,253,247,247,225,212,201,126,176,165,341,333,318,278,444,448,395,466,641,631,1413,603,2120,547,520,513,504,497,541,544,806,804]} 1. e4 c5 2. Nf3 d6 3. Nc3 a6 4. d4 cxd4 5. Nxd4 Nf6 6. g3 e5 7. Nf3 {B91: Sicilian Najdorf: 6 g3} (7. Nde2 Be7 8. Bg2 b5 9. Nd5 Nbd7 10. Nec3 Nb6 11. Nxf6+ Bxf6 12. O-O O-O 13. b3 b4 14. Nd5 Nxd5 15. Qxd5 Be6 16. Qd3 Qc7 {0-1 (57) Giri,A (2782)-Vachier Lagrave,M (2789) Leuven 2018}) 7... Be7 8. Bg2 O-O 9. O-O Be6 {LiveBook: 3 Games} 10. Nh4 g6 11. Nd5 (11. Nf3 $142) 11... Nxd5 $11 12. exd5 Bc8 13. Nf3 Bg4 $146 ({Predecessor:} 13... Nd7 14. Be3 f5 {0-1 (36) Elison,K (2369)-Zakharov,V (2316) ICCF email 2009}) 14. Bh6 Re8 15. Qd2 Bxf3 16. Bxf3 Nd7 17. Qb4 Nc5 18. Be3 Qc7 19. a4 a5 20. Qb5 Rec8 21. Ra3 Ra6 22. c3 f5 23. b4 Nd7 $1 24. Rb1 Bd8 25. Be2 Nf6 (25... Raa8 $11) 26. c4 $36 {[%mdl 2048] Black is under pressure.} Nd7 27. c5 axb4 (27... Raa8 $14) 28. Qxb4 dxc5 29. Qxb7 Rb8 $2 (29... Ra7 $16 30. Qxc7 Bxc7) 30. Qxa6 Rxb1+ 31. Kg2 Rb6 32. Qc4 {[#] Strongly threatening d6+.} Qd6 33. Rb3 Rxb3 34. Qxb3 f4 $2 (34... Kg7 35. Qb7 Bc7) 35. Bd2 $18 g5 36. Bg4 e4 (36... Nf6 $142) 37. Be6+ Kf8 38. Qb7 f3+ {White is clearly winning.} 39. Kf1 Ne5 40. a5 (40. Qxh7 $142 Qb8 41. Qg8+ Ke7 42. Bxg5+ Kd6 43. Qf8+ Kc7 44. Qxc5+ Kb7 45. Qb5+ Bb6 46. a5) 40... Bc7 41. a6 (41. Bxg5 $142 {Threatens to win with Qc8+.} Nc6 42. a6) 41... Qb6 42. Bxg5 {[#] And now Qc8+ would win.} Qxb7 43. axb7 c4 44. Bf5 Nd3 45. Be3 {Precision: White = 65%, Black = 29%.} 1-0

[Event "XI Paracin Festival 2018"]
[Site "Paracin"]
[Date "2018.07.11"]
[Round "7"]
[White "Stankovic, Milos"]
[Black "Colovic, Dusan"]
[Result "1-0"]
[WhiteElo "2420"]
[BlackElo "2279"]
[Annotator "TA"]
[PlyCount "41"]
[EventDate "2018.07.06"]
[EventType "swiss"]
[EventCountry "SRB"]
[SourceTitle "playchess.com"]
[Source "ChessBase"]
[SourceQuality "1"]

{[%evp 11,41,31,36,14,6,16,14,-4,59,24,56,45,60,61,136,138,139,137,183,181,164,144,293,299,462,437,488,510,713,713,703,694]} 1. e4 d6 2. d4 g6 3. Nf3 Nf6 4. Nc3 Bg7 5. Be2 O-O 6. Bf4 Bg4 {LiveBook: 4 Games. B08: Pirc Defence: Classical System} (6... Nc6 7. O-O Bg4 8. d5 Bxf3 9. Bxf3 Na5 10. Be2 Nd7 11. Bd2 c5 12. Qe1 a6 13. Nd1 b6 14. Rb1 {1-0 (59) Aronian,L (2789)-Nepomniachtchi,I (2751) chess.com INT 2017}) 7. h3 Bxf3 $1 8. Bxf3 {aiming for e5.} Nc6 {The position is equal.} 9. d5 Nb8 (9... Ne5 $11) 10. O-O Nfd7 11. Qd2 Ne5 $146 ({Predecessor:} 11... c5 12. Bh6 Na6 13. Bxg7 Kxg7 {½-½ (45) Krasnov,V (2235)-Pogorelskikh,S (2283) Samara 2007}) 12. Be2 $36 {[%mdl 2048] White has the initiative.} e6 ({Black should play} 12... c6 $14) 13. Bg5 $16 Qe8 14. f4 Ned7 15. dxe6 fxe6 {[#]} 16. f5 $1 Nb6 (16... Nc6 $16 {keeps fighting.}) 17. fxe6 $18 Qxe6 (17... Nc6 $142 18. Rxf8+ Bxf8) 18. Rxf8+ {White is clearly winning.} Bxf8 19. Nd5 Nxd5 {[#]} 20. Bc4 $1 {[%cal Rc4d5]} ({Not} 20. Qxd5 Qxd5 21. exd5 Bg7 $14) (20. exd5 Qe5 $16) 20... c6 21. exd5 {Precision: White = 70%, Black = 11%.} 1-0

[Event "XI Paracin Festival 2018"]
[Site "Paracin"]
[Date "2018.07.11"]
[Round "7"]
[White "Abramovic, Bosko"]
[Black "Popovic, Aleksandar M"]
[Result "1-0"]
[WhiteElo "2409"]
[BlackElo "2264"]
[Annotator "NA"]
[PlyCount "74"]
[EventDate "2018.07.06"]
[EventType "swiss"]
[EventCountry "SRB"]
[SourceTitle "playchess.com"]
[Source "ChessBase"]
[SourceQuality "1"]
[TimeControl "5400+30"]

1. d4 {[%emt 0:00:00]} Nf6 {[%emt 0:00:00]} 2. g3 {[%emt 0:00:00]} g6 {[%emt 0:02:28]} 3. Bg2 {[%emt 0:00:00]} Bg7 {[%emt 0:00:05]} 4. e4 {[%emt 0:00:02]} d6 {[%emt 0:01:15]} 5. Nc3 {[%emt 0:00:08]} O-O {[%emt 0:00:11]} 6. Nge2 {[%emt 0:00:05]} c5 {[%emt 0:08:10]} 7. dxc5 {[%emt 0:03:39]} dxc5 {[%emt 0:00:48]} 8. Qxd8 {[%emt 0:00:07]} Rxd8 {[%emt 0:00:03]} 9. Be3 {[%emt 0:00:11]} Na6 {[%emt 0:00:53]} 10. h3 {[%emt 0:00:10]} Ne8 {[%emt 0:05:28]} 11. O-O {[%emt 0:00:23]} b6 {[%emt 0:11:08]} 12. Rad1 {[%emt 0:09:10]} Bb7 {[%emt 0:08:20]} 13. a3 {[%emt 0:00:07]} Nac7 {[%emt 0:02:07]} 14. f4 {[%emt 0:00:15]} Nd6 {[%emt 0:05:56]} 15. e5 {[%emt 0:04:32]} Bxg2 {[%emt 0:00:06]} 16. Kxg2 {[%emt 0:00:05]} Nc4 {[%emt 0:06:18]} 17. Bc1 {[%emt 0:01:25]} f5 {[%emt 0:08:31]} 18. exf6 {[%emt 0:06:12]} exf6 {[%emt 0:06:22]} 19. b3 {[%emt 0:02:52]} Nd6 {[%emt 0:00:25]} 20. Nd5 {[%emt 0:04:13]} Nxd5 {[%emt 0:04:04]} 21. Rxd5 {[%emt 0:00:08]} f5 {[%emt 0:01:16]} 22. Rfd1 {[%emt 0:00:11]} Re8 {[%emt 0:00:30]} 23. Kf3 {[%emt 0:03:11]} Nb5 {[%emt 0:02:28]} 24. a4 {[%emt 0:06:44]} Nd4+ {[%emt 0:01:42]} 25. Nxd4 {[%emt 0:00:17]} Bxd4 {[%emt 0:01:59]} 26. g4 {[%emt 0:10:18]} Rad8 {[%emt 0:03:01]} 27. Rxd8 {[%emt 0:09:42]} Rxd8 {[%emt 0:00:06]} 28. Be3 {[%emt 0:02:42]} Kf7 {[%emt 0:00:53]} 29. b4 {[%emt 0:04:09]} Ke7 {[%emt 0:02:43]} 30. bxc5 {[%emt 0:01:18]} Bxc5 {[%emt 0:05:19]} 31. Bxc5+ {[%emt 0:00:42]} bxc5 {[%emt 0:00:05]} 32. Rxd8 {[%emt 0:00:06]} Kxd8 {[%emt 0:01:54]} 33. gxf5 {[%emt 0:00:18]} gxf5 {[%emt 0:00:08]} 34. Kg3 {[%emt 0:00:06]} Ke7 {[%emt 0:02:10]} 35. Kh4 {[%emt 0:00:06]} c4 {[%emt 0:02:19]} 36. Kg5 {[%emt 0:00:40]} Ke6 {[%emt 0:00:02]} 37. c3 {[%emt 0:00:22]} Kd5 1-0

[Event "XI Paracin Festival 2018"]
[Site "Paracin"]
[Date "2018.07.11"]
[Round "7"]
[White "Radovanovic, Mihajlo"]
[Black "Tugstumur, Yesuntumur"]
[Result "0-1"]
[WhiteElo "2402"]
[BlackElo "2116"]
[Annotator "NA"]
[PlyCount "116"]
[EventDate "2018.07.06"]
[EventType "swiss"]
[EventCountry "SRB"]
[SourceTitle "playchess.com"]
[Source "ChessBase"]
[SourceQuality "1"]
[TimeControl "5400+30"]

1. Nf3 {[%emt 0:00:00]} Nf6 {[%emt 0:00:00]} 2. c4 {[%emt 0:00:00]} g6 {[%emt 0:00:27]} 3. Nc3 {[%emt 0:01:11]} Bg7 {[%emt 0:01:23]} 4. e4 {[%emt 0:00:44]} d6 {[%emt 0:00:27]} 5. d4 {[%emt 0:00:06]} O-O {[%emt 0:00:12]} 6. Be2 {[%emt 0:00:04]} Na6 {[%emt 0:00:25]} 7. O-O {[%emt 0:00:27]} e5 {[%emt 0:00:10]} 8. Be3 {[%emt 0:00:20]} Ng4 {[%emt 0:00:14]} 9. Bg5 {[%emt 0:00:08]} Qe8 {[%emt 0:00:29]} 10. dxe5 {[%emt 0:07:14]} dxe5 {[%emt 0:01:07]} 11. h3 {[%emt 0:00:13]} h6 {[%emt 0:00:44]} 12. Bd2 {[%emt 0:00:21]} Nf6 {[%emt 0:00:15]} 13. Be3 {[%emt 0:00:18]} Qe7 {[%emt 0:00:52]} 14. Nd5 {[%emt 0:10:36]} Qd8 {[%emt 0:01:56]} 15. Nxf6+ {[%emt 0:03:09]} Qxf6 {[%emt 0:00:10]} 16. c5 {[%emt 0:00:08]} Rd8 {[%emt 0:14:49]} 17. Qc1 {[%emt 0:02:33]} Kh7 {[%emt 0:03:57]} 18. Bc4 {[%emt 0:12:08]} Bxh3 {[%emt 0:13:32]} 19. c6 {[%emt 0:21:20]} Qxc6 {[%emt 0:09:21]} 20. Bxa6 {[%emt 0:03:43]} Qxe4 {[%emt 0:00:51]} 21. Qc4 {[%emt 0:00:10]} Bf5 {[%emt 0:00:47]} 22. Qxe4 {[%emt 0:01:08]} Bxe4 {[%emt 0:00:06]} 23. Be2 {[%emt 0:00:26]} f5 {[%emt 0:02:08]} 24. Rac1 {[%emt 0:05:27]} c6 {[%emt 0:01:49]} 25. b3 {[%emt 0:00:57]} f4 {[%emt 0:09:24]} 26. Bc5 {[%emt 0:00:10]} Bd5 {[%emt 0:00:07]} 27. Rfd1 {[%emt 0:04:23]} e4 {[%emt 0:01:13]} 28. Nd4 {[%emt 0:00:08]} h5 {[%emt 0:04:17]} 29. Nc2 {[%emt 0:02:04]} Bh6 {[%emt 0:03:57]} 30. Bc4 {[%emt 0:02:18]} b6 {[%emt 0:01:46]} 31. Be7 {[%emt 0:03:15]} Rd7 {[%emt 0:00:38]} 32. Bf6 {[%emt 0:00:44]} Rf8 {[%emt 0:05:25]} 33. Bb2 {[%emt 0:00:22]} e3 {[%emt 0:01:52]} 34. f3 {[%emt 0:01:00]} Rfd8 {[%emt 0:05:10]} 35. Bf6 {[%emt 0:00:15]} Rf8 {[%emt 0:00:06]} 36. Bc3 {[%emt 0:00:05]} Rfd8 {[%emt 0:00:36]} 37. Be2 {[%emt 0:04:02]} Bg7 {[%emt 0:02:03]} 38. Bxg7 {[%emt 0:00:38]} Kxg7 {[%emt 0:00:05]} 39. Nb4 {[%emt 0:03:02]} c5 {[%emt 0:01:00]} 40. Nd3 {[%emt 0:05:23]} g5 {[%emt 0:00:08]} 41. Nb2 {[%emt 0:03:35]} Kf6 {[%emt 0:01:56]} 42. Kf1 {[%emt 0:00:31]} h4 {[%emt 0:00:35]} 43. Bb5 {[%emt 0:02:06]} Rd6 {[%emt 0:00:07]} 44. Be2 {[%emt 0:01:20]} Be6 {[%emt 0:02:43]} 45. Rxd6 {[%emt 0:00:44]} Rxd6 {[%emt 0:00:05]} 46. Rd1 {[%emt 0:00:11]} Rxd1+ {[%emt 0:00:55]} 47. Nxd1 {[%emt 0:00:44]} Ke5 {[%emt 0:03:08]} 48. Nc3 {[%emt 0:01:04]} Bd7 {[%emt 0:02:33]} 49. Ba6 {[%emt 0:00:55]} h3 {[%emt 0:02:17]} 50. gxh3 {[%emt 0:00:05]} Bxh3+ {[%emt 0:00:04]} 51. Kg1 {[%emt 0:01:24]} g4 {[%emt 0:00:42]} 52. Bc8 {[%emt 0:00:25]} gxf3 {[%emt 0:02:15]} 53. Bxh3 {[%emt 0:00:06]} Kd4 {[%emt 0:00:03]} 54. Nb1 {[%emt 0:01:54]} Kd3 {[%emt 0:03:33]} 55. Bf5+ {[%emt 0:00:11]} Ke2 {[%emt 0:00:25]} 56. Bg4 {[%emt 0:00:08]} b5 {[%emt 0:00:44]} 57. Nc3+ {[%emt 0:00:44]} Kd3 {[%emt 0:00:13]} 58. Nd5 {[%emt 0:00:34]} e2 {[%emt 0:00:19]} 0-1